| 000 | 00459 a2200157 4500 | ||
|---|---|---|---|
| 003 | OSt | ||
| 005 | 20231108113412.0 | ||
| 008 | 231108b |||||||| |||| 00| 0 eng d | ||
| 040 | _coclc297 | ||
| 082 |
_a297 _bCHE/I |
||
| 100 |
_aChemmad, Mansoorali _99866 |
||
| 245 |
_aIslahi Naayakanmar Smruthi chitrangal / _cMansoorali Chammad |
||
| 260 |
_aKerala: _bYuvatha, _c2011. |
||
| 300 | _a260p | ||
| 942 |
_2ddc _cBK _h297 _iCHE/I _k297 _mCHE/I |
||
| 999 |
_c42951 _d42951 |
||